[Event "1. Bundesliga 2015/2016"]
[Site "Mattersburg"]
[Date "2015.11.07"]
[Round "3"]
[Board "4"]
[White "Abel, Dennes"]
[Black "Seyb, Alexander"]
[Result "0-1"]
[WhiteElo "2466"]
[BlackElo "2417"]
[PlyCount "90"]
[EventDate "2015.11.05"]
[EventType "team"]
[EventRounds "11"]
[EventCountry "AUT"]
[WhiteTeam "ASVOE Wulkaprodersdorf"]
[BlackTeam "SIR Royal Salzburg"]

1.d4 Nf6 2.c4 g6 3.Nc3 d5 4.Bg5 Ne4 5.Bh4 Nxc3 6.bxc3 dxc4 7.e3 Be6 8.Nf3 Bg7 9.Rb1
b6 10.Be2 O-O 11.O-O c6 12.a4 a6 13.Bg3 Bf5 14.Rb2 b5 15.Ne5 f6 16.Nf3 Nd7 17.Nh4
Be4 18.f3 Bd5 19.e4 Bf7 20.f4 e6 21.Nf3 Nb6 22.axb5 axb5 23.Bf2 Na4 24.Rc2 Qc7 25.e5
f5 26.Ng5 Nb6 27.Qd2 Nd5 28.Bf3 Ra3 29.Bxd5 cxd5 30.Rb1 Rb8 31.Rcb2 Qd7 32.Nf3 Bf8
33.Qc1 Be8 34.Be1 Qa7 35.Bd2 Ra8 36.Ne1 b4 37.Rxb4 Bxb4 38.Rxb4 Ra1 39.Rb1 Rxb1 40.Qxb1
Rb8 41.Qd1 Qa2 42.Kf2 Ba4 43.Qe2 Rb2 44.Ke3 Qb1 45.Nf3 Bd1 0-1

[Event "1. Bundesliga 2015/2016"]
[Site "Mattersburg"]
[Date "2015.11.07"]
[Round "3"]
[Board "5"]
[White "Schramm, Christian"]
[Black "Volkmann, Friedrich Karl"]
[Result "0-1"]
[WhiteElo "2390"]
[BlackElo "2433"]
[PlyCount "66"]
[EventDate "2015.11.05"]
[EventType "team"]
[EventRounds "11"]
[EventCountry "AUT"]
[WhiteTeam "SIR Royal Salzburg"]
[BlackTeam "ASVOE Wulkaprodersdorf"]

1.e4 c5 2.Nf3 e6 3.Nc3 Nc6 4.d4 cxd4 5.Nxd4 Nf6 6.Ndb5 d6 7.Bf4 e5 8.Bg5 a6 9.Bxf6
gxf6 10.Na3 f5 11.exf5 Bxf5 12.Nc4 Be6 13.Ne3 Bh6 14.Ncd5 Bxe3 15.Nxe3 d5 16.c3 d4
17.cxd4 exd4 18.Nc2 Qe7 19.Be2 Rd8 20.O-O d3 21.Bxd3 Ne5 22.Qe2 Nxd3 23.Rad1 Nf4 24.Qe5
Ng6 25.Qg7 f6 26.Qh6 Kf7 27.Nd4 Bc8 28.h4 Qe5 29.Nf3 Qf4 30.Ng5+ fxg5 31.Rxd8 Rxd8
32.Qxh7+ Kf6 33.h5 Nf8 0-1

[Event "1. Bundesliga 2015/2016"]
[Site "Mattersburg"]
[Date "2015.11.07"]
[Round "3"]
[Board "6"]
[White "Wallner, Joachim"]
[Black "Hilverda, Alexander"]
[Result "0-1"]
[WhiteElo "2311"]
[BlackElo "2378"]
[PlyCount "90"]
[EventDate "2015.11.05"]
[EventType "team"]
[EventRounds "11"]
[EventCountry "AUT"]
[WhiteTeam "ASVOE Wulkaprodersdorf"]
[BlackTeam "SIR Royal Salzburg"]

1.Nf3 d5 2.b3 Bf5 3.Bb2 Nf6 4.d3 h6 5.g3 e6 6.Bg2 Be7 7.O-O O-O 8.c4 c6 9.Nbd2 Bh7
10.Qc2 Nbd7 11.a3 a5 12.Bc3 Re8 13.b4 axb4 14.axb4 Rxa1 15.Rxa1 e5 16.Qb3 e4 17.dxe4
dxe4 18.Nd4 e3 19.fxe3 Bf8 20.Nf1 Ng4 21.Be1 c5 22.Nb5 cxb4 23.Rd1 Bc5 24.Bxb4 Bxe3+
25.Nxe3 Nxe3 26.Rd2 Nxg2 27.Kxg2 Be4+ 28.Kg1 Qb6+ 29.Nd4 Ne5 30.c5 Qf6 31.Bc3 Ng4
32.Nf3 Qc6 33.Bd4 Bd5 34.Qc3 Qg6 35.Kg2 f6 36.h3 Ne5 37.Kf2 Nc6 38.Be3 Be6 39.h4 Qf5
40.Qd3 Qh3 41.Bxh6 Ne5 42.Nxe5 Qh2+ 43.Kf3 fxe5 44.Qg6 Rf8+ 45.Ke3 Qf2+ 0-1

[Event "1. Bundesliga 2015/2016"]
[Site "Mattersburg"]
[Date "2015.11.07"]
[Round "3"]
[Board "1"]
[White "Antoniewski, Rafal"]
[Black "Bindrich, Falko"]
[Result "1/2-1/2"]
[WhiteElo "2533"]
[BlackElo "2574"]
[PlyCount "60"]
[EventDate "2015.11.05"]
[EventType "team"]
[EventRounds "11"]
[EventCountry "AUT"]
[WhiteTeam "SV Jacques Lemans St. Veit"]
[BlackTeam "SK Hohenems"]

1.e4 e5 2.Nf3 Nc6 3.Bb5 Nf6 4.O-O Nxe4 5.Re1 Nd6 6.Nxe5 Be7 7.Bf1 Nxe5 8.Rxe5 O-O
9.d4 Bf6 10.Re1 Re8 11.Bf4 Rxe1 12.Qxe1 Ne8 13.c3 d5 14.Bd3 c6 15.Qe2 g6 16.Nd2 Ng7
17.Re1 Bf5 18.Bxf5 Nxf5 19.Nb3 b6 20.Nc1 Ng7 21.Nd3 Ne6 22.Be5 Rc8 23.Qg4 Bxe5 24.Rxe5
Qf6 25.g3 Rd8 26.Nb4 Rc8 27.h4 a5 28.Nc2 Re8 29.Ne3 Kf8 30.Qe2 h5 1/2-1/2

[Event "1. Bundesliga 2015/2016"]
[Site "Mattersburg"]
[Date "2015.11.07"]
[Round "3"]
[Board "2"]
[White "Rozentalis, Eduardas"]
[Black "Bosiocic, Marin"]
[Result "1/2-1/2"]
[WhiteElo "2584"]
[BlackElo "2564"]
[PlyCount "112"]
[EventDate "2015.11.05"]
[EventType "team"]
[EventRounds "11"]
[EventCountry "AUT"]
[WhiteTeam "SK Hohenems"]
[BlackTeam "SV Jacques Lemans St. Veit"]

1.e4 c5 2.Nf3 e6 3.c3 d5 4.exd5 Qxd5 5.d4 Nf6 6.Bd3 Be7 7.O-O O-O 8.Qe2 Rd8 9.Rd1
cxd4 10.cxd4 Nc6 11.Nc3 Qh5 12.Ne4 Nxe4 13.Bxe4 Nb4 14.Bf4 Nd5 15.Be5 f6 16.Bg3 Bd7
17.a3 Rac8 18.Bd3 Bf8 19.Re1 a6 20.Qd2 Qf7 21.Re4 Bb5 22.Rae1 Bxd3 23.Qxd3 Rc6 24.h3
Rdc8 25.R4e2 Rc1 26.Qe4 R8c6 27.Rxc1 Rxc1+ 28.Ne1 f5 29.Qxe6 Qxe6 30.Rxe6 f4 31.Bh4
Kf7 32.Re4 Rb1 33.Kh2 h6 34.Bd8 Rxb2 35.Nd3 Rd2 36.Ne5+ Kg8 37.f3 b5 38.h4 Bxa3 39.h5
Nf6 40.Bxf6 gxf6 41.Ng4 Bf8 42.Re8 Kf7 43.Ra8 Rxd4 44.Rxa6 Bg7 45.Ra7+ Kf8 46.Rb7
f5 47.Nf2 Rd5 48.Rb8+ Kf7 49.Rb7+ Kf8 50.Rb8+ Kf7 51.Rb7+ Kf6 52.Nh3 Bf8 53.Nxf4 Bd6
54.g3 Rd2+ 55.Kh3 b4 56.Rb5 Bxf4 1/2-1/2

[Event "1. Bundesliga 2015/2016"]
[Site "Mattersburg"]
[Date "2015.11.07"]
[Round "3"]
[Board "3"]
[White "Rogic, Davor"]
[Black "Martinovic, Sasa"]
[Result "1/2-1/2"]
[WhiteElo "2532"]
[BlackElo "2539"]
[PlyCount "62"]
[EventDate "2015.11.05"]
[EventType "team"]
[EventRounds "11"]
[EventCountry "AUT"]
[WhiteTeam "SV Jacques Lemans St. Veit"]
[BlackTeam "SK Hohenems"]

1.e4 e6 2.d4 d5 3.Nd2 dxe4 4.Nxe4 Nd7 5.g3 Be7 6.Bg2 Ngf6 7.Nxf6+ Bxf6 8.Nf3 O-O 9.O-O
e5 10.Be3 exd4 11.Bxd4 c5 12.Bxf6 Nxf6 13.Qxd8 Rxd8 14.Ne5 Rb8 15.Rad1 Be6 16.b3 Nd7
17.Nxd7 Rxd7 18.Rxd7 Bxd7 19.Rd1 Bg4 20.Rd2 Kf8 21.f4 Be6 22.c3 Ke7 23.Kf2 b6 24.Ke3
Rd8 25.Rxd8 Kxd8 26.Be4 g6 27.h4 f5 28.Bf3 Ke7 29.c4 Kd6 30.Bg2 Bf7 31.Bf3 Be6 1/2-1/2

[Event "1. Bundesliga 2015/2016"]
[Site "Mattersburg"]
[Date "2015.11.07"]
[Round "3"]
[Board "4"]
[White "Breder, Dennis"]
[Black "Koop, Thorben"]
[Result "1-0"]
[WhiteElo "2474"]
[BlackElo "2423"]
[PlyCount "82"]
[EventDate "2015.11.05"]
[EventType "team"]
[EventRounds "11"]
[EventCountry "AUT"]
[WhiteTeam "SK Hohenems"]
[BlackTeam "SV Jacques Lemans St. Veit"]

1.e4 c5 2.Nf3 g6 3.c3 Bg7 4.d4 cxd4 5.cxd4 d5 6.e5 Nc6 7.Bb5 Bd7 8.Nc3 a6 9.Ba4 e6
10.O-O Nge7 11.Bc2 h6 12.b3 O-O 13.Bb2 b5 14.Qd2 Qb6 15.Ne2 Rfc8 16.h4 Qa5 17.Bc3
b4 18.Bb2 Nf5 19.g4 Nfe7 20.h5 g5 21.Qd3 Kf8 22.Qh7 Ng8 23.Ne1 Nce7 24.f4 Bb5 25.Bd3
Bxd3 26.Nxd3 Rc2 27.Rf2 Qb5 28.Raf1 Nf5 29.Nec1 Rxf2 30.Rxf2 Ng3 31.f5 exf5 32.gxf5
Nxh5 33.f6 Nhxf6 34.exf6 Nxf6 35.Qf5 Qd7 36.Qxd7 Nxd7 37.Nxb4 Nb6 38.Rf5 Rc8 39.Ncd3
Nc4 40.bxc4 dxc4 41.Nc5 Rb8 1-0

[Event "1. Bundesliga 2015/2016"]
[Site "Mattersburg"]
[Date "2015.11.07"]
[Round "3"]
[Board "5"]
[White "Gutman, Lev"]
[Black "Atlas, Valery"]
[Result "1/2-1/2"]
[WhiteElo "2432"]
[BlackElo "2453"]
[PlyCount "130"]
[EventDate "2015.11.05"]
[EventType "team"]
[EventRounds "11"]
[EventCountry "AUT"]
[WhiteTeam "SV Jacques Lemans St. Veit"]
[BlackTeam "SK Hohenems"]

1.Nf3 c5 2.g3 Nc6 3.d4 cxd4 4.Nxd4 Qb6 5.c3 g6 6.Bg2 Bg7 7.O-O d6 8.Na3 Bd7 9.Be3
Qd8 10.Qb3 Na5 11.Qb4 Nf6 12.Nb3 Nxb3 13.axb3 Bc6 14.Bxc6+ bxc6 15.Qb7 Qc8 16.Qxc8+
Rxc8 17.Nc4 d5 18.Ne5 Ne4 19.Nd3 e5 20.Rxa7 d4 21.cxd4 exd4 22.Bf4 O-O 23.f3 Nf6 24.Be5
Nd5 25.Bxg7 Kxg7 26.Ra4 Rfe8 27.Kf2 c5 28.Rc1 Nb6 29.Ra5 c4 30.bxc4 Nxc4 31.Rb5 Ne3
32.Rxc8 Rxc8 33.Rb4 Nd1+ 34.Ke1 Ne3 35.Kf2 Nd1+ 36.Ke1 Ne3 37.Ra4 h5 38.Ra7 Kf6 39.f4
Ke6 40.h3 Nc2+ 41.Kf2 Ne3 42.Kf3 Nf1 43.g4 Nd2+ 44.Kg2 hxg4 45.hxg4 Rc2 46.Kf2 Ne4+
47.Ke1 Ng3 48.Ra6+ Ke7 49.Kd1 Rxe2 50.Ra4 Re4 51.Ra7+ Ke8 52.Ra5 f6 53.Ra6 Kf7 54.Ra7+
Kg8 55.b4 Ne2 56.Ra6 Nxf4 57.Nc5 Re3 58.Rxf6 Nd5 59.Rxg6+ Kf7 60.Rd6 Nxb4 61.Rd7+
Re7 62.Rxd4 Nc6 63.Rd6 Ne5 64.g5 Ng4 65.Kd2 Re5 1/2-1/2

[Event "1. Bundesliga 2015/2016"]
[Site "Mattersburg"]
[Date "2015.11.07"]
[Round "3"]
[Board "6"]
[White "Froewis, Georg"]
[Black "Mazi, Leon"]
[Result "1-0"]
[WhiteElo "2452"]
[BlackElo "2386"]
[PlyCount "101"]
[EventDate "2015.11.05"]
[EventType "team"]
[EventRounds "11"]
[EventCountry "AUT"]
[WhiteTeam "SK Hohenems"]
[BlackTeam "SV Jacques Lemans St. Veit"]

1.Nf3 c5 2.c4 Nc6 3.e3 g6 4.d4 d6 5.d5 Ne5 6.Nxe5 dxe5 7.Nc3 Bg7 8.e4 Nf6 9.Be2 O-O
10.Be3 b6 11.a3 Bd7 12.b4 Rc8 13.f3 Ne8 14.Qd2 Nd6 15.b5 f5 16.g4 fxg4 17.fxg4 Rf4
18.Qd3 Qf8 19.g5 Bh8 20.h4 Qg7 21.Kd2 a6 22.a4 Ra8 23.Kc2 axb5 24.axb5 Qf8 25.Rxa8
Qxa8 26.Kb2 Rf8 27.Ra1 Qb7 28.Qd1 Bc8 29.Kb3 Qd7 30.Qh1 Qb7 31.h5 e6 32.hxg6 hxg6
33.Qh6 Qg7 34.Qxg7+ Bxg7 35.dxe6 Bxe6 36.Ra6 Rb8 37.Bxc5 bxc5 38.Rxd6 Kf7 39.Rc6 Bf8
40.Nd5 Rb7 41.b6 Be7 42.Nxe7 Kxe7 43.Ka4 Bd7 44.Kb5 Kd8 45.Kxc5 Bxc6 46.Kxc6 Kc8 47.c5
Rf7 48.Ba6+ Kb8 49.Kd6 Rf2 50.c6 Ka8 51.Bc4 1-0

[Event "1. Bundesliga 2015/2016"]
[Site "Mattersburg"]
[Date "2015.11.07"]
[Round "3"]
[Board "1"]
[White "Sutovsky, Emil"]
[Black "Haba, Petr"]
[Result "1-0"]
[WhiteElo "2622"]
[BlackElo "2481"]
[PlyCount "111"]
[EventDate "2015.11.05"]
[EventType "team"]
[EventRounds "11"]
[EventCountry "AUT"]
[WhiteTeam "Schachklub Absam"]
[BlackTeam "Spk. Grieskirchen/Bad Schallerbach"]

1.e4 e5 2.Nf3 Nc6 3.Bb5 a6 4.Ba4 Nf6 5.O-O Nxe4 6.d4 b5 7.Bb3 d5 8.dxe5 Be6 9.Nbd2
Nc5 10.c3 Be7 11.Bc2 d4 12.Nb3 d3 13.Nxc5 dxc2 14.Qxd8+ Rxd8 15.Nxe6 fxe6 16.Be3 Rd5
17.Rfc1 Nxe5 18.Nxe5 Rxe5 19.Rxc2 Kf7 20.c4 b4 21.Rd1 Rd8 22.Rxd8 Bxd8 23.Kf1 Bg5
24.Ba7 h5 25.Bb8 Rc5 26.Ke2 Bf4 27.g3 Bd6 28.f4 g5 29.Ba7 Rf5 30.fxg5 Rxg5 31.Be3
Rg4 32.Kf3 Kf6 33.c5 Be5 34.b3 Kf5 35.Bf2 Bc3 36.h3 Rg8 37.Re2 e5 38.Re4 Rd8 39.g4+
hxg4+ 40.hxg4+ Ke6 41.Re2 a5 42.Be3 a4 43.Rg2 axb3 44.axb3 Bd4 45.g5 Kf7 46.Rh2 Bxe3
47.Kxe3 Kg6 48.Ke4 Kxg5 49.Kxe5 c6 50.Rg2+ Kh4 51.Rg6 Rd3 52.Rxc6 Rxb3 53.Rb6 Kg3
54.c6 Kf3 55.c7 Rc3 56.Kd6 1-0

[Event "1. Bundesliga 2015/2016"]
[Site "Mattersburg"]
[Date "2015.11.07"]
[Round "3"]
[Board "2"]
[White "Kilgus, Georg"]
[Black "Luther, Thomas"]
[Result "0-1"]
[WhiteElo "2410"]
[BlackElo "2558"]
[PlyCount "110"]
[EventDate "2015.11.05"]
[EventType "team"]
[EventRounds "11"]
[EventCountry "AUT"]
[WhiteTeam "Spk. Grieskirchen/Bad Schallerbach"]
[BlackTeam "Schachklub Absam"]

1.Nf3 Nf6 2.c4 b6 3.g3 Bb7 4.Bg2 g6 5.d4 Bg7 6.O-O O-O 7.Qc2 e6 8.Nc3 d5 9.cxd5 Nxd5
10.Bg5 Qd7 11.Nxd5 exd5 12.Rac1 Na6 13.b4 Rac8 14.Qb1 c6 15.Ne5 Qd6 16.Bh3 f5 17.Bd2
Bxe5 18.dxe5 Qxe5 19.e3 c5 20.bxc5 Nxc5 21.Bc3 Qe4 22.Bg2 Qxb1 23.Rxb1 Ne4 24.Bb4
Rf7 25.Rfc1 Rfc7 26.Rxc7 Rxc7 27.f3 Nc3 28.Ra1 d4 29.exd4 Ne2+ 30.Kf2 Nxd4 31.Rd1
Rc2+ 32.Rd2 Rxd2+ 33.Bxd2 Bd5 34.a3 Kf7 35.Bc3 Nb5 36.Bb2 Nd6 37.Bf1 Bc4 38.Be5 Bxf1
39.Bxd6 Bh3 40.Ke3 Ke6 41.Bb8 a6 42.Bc7 b5 43.Kd4 Kd7 44.Ba5 f4 45.Ke5 fxg3 46.hxg3
h5 47.f4 Kc6 48.Kd4 Kd6 49.Be1 Ke6 50.Kc5 Kf5 51.Kb6 Bf1 52.Ka5 Kg4 53.Kb6 Kf3 54.Ka5
Bd3 55.Kb6 Bf5 0-1

[Event "1. Bundesliga 2015/2016"]
[Site "Mattersburg"]
[Date "2015.11.07"]
[Round "3"]
[Board "3"]
[White "Bayer, Bernhard"]
[Black "Schwabeneder, Florian"]
[Result "1-0"]
[WhiteElo "2429"]
[BlackElo "2371"]
[PlyCount "95"]
[EventDate "2015.11.05"]
[EventType "team"]
[EventRounds "11"]
[EventCountry "AUT"]
[WhiteTeam "Schachklub Absam"]
[BlackTeam "Spk. Grieskirchen/Bad Schallerbach"]

1.Nf3 Nf6 2.g3 b6 3.Bg2 Bb7 4.O-O c5 5.c4 g6 6.b3 Bg7 7.Bb2 O-O 8.Nc3 d6 9.e3 Nbd7
10.d4 Ne4 11.Qc2 Nxc3 12.Bxc3 cxd4 13.Bxd4 Nf6 14.Rfd1 Qc7 15.Rac1 Rac8 16.Qe2 Rfd8
17.Bb2 e6 18.Nd4 Bxg2 19.Kxg2 Qb7+ 20.Qf3 Qxf3+ 21.Kxf3 d5 22.cxd5 Nxd5 23.Ke2 Ne7
24.Ba3 Rxc1 25.Rxc1 Nd5 26.Bb2 h5 27.Rc2 Rd7 28.a3 Rc7 29.Kd2 Kf8 30.e4 Rxc2+ 31.Kxc2
Ne7 32.Nb5 Bxb2 33.Kxb2 Nc6 34.Kc3 Ke7 35.Nd4 Nxd4 36.Kxd4 Kd6 37.e5+ Kc6 38.a4 a6
39.h4 Kd7 40.f3 Kc7 41.g4 Kc6 42.b4 a5 43.b5+ Kd7 44.Ke4 Ke7 45.Kf4 hxg4 46.fxg4 f5
47.exf6+ Kxf6 48.Ke4 1-0

[Event "1. Bundesliga 2015/2016"]
[Site "Mattersburg"]
[Date "2015.11.07"]
[Round "3"]
[Board "4"]
[White "Singer, Christoph"]
[Black "Dizdar, Goran"]
[Result "0-1"]
[WhiteElo "2311"]
[BlackElo "2512"]
[PlyCount "80"]
[EventDate "2015.11.05"]
[EventType "team"]
[EventRounds "11"]
[EventCountry "AUT"]
[WhiteTeam "Spk. Grieskirchen/Bad Schallerbach"]
[BlackTeam "Schachklub Absam"]

1.e4 e6 2.d4 d5 3.Nd2 c5 4.exd5 exd5 5.Bb5+ Bd7 6.Bxd7+ Nxd7 7.Ngf3 Ngf6 8.O-O Be7
9.dxc5 Nxc5 10.Re1 O-O 11.Nf1 Re8 12.Be3 a5 13.a4 Qd7 14.Ne5 Qc7 15.Nf3 Ne6 16.Nd4
Bc5 17.Nb3 d4 18.Bxd4 Nxd4 19.Rxe8+ Rxe8 20.Nxd4 Qb6 21.c3 Qxb2 22.Qc1 Qxc1 23.Rxc1
Ne4 24.Ne3 Nxc3 25.Rxc3 Bxd4 26.Rc7 b6 27.Kf1 h5 28.Ke2 Bc5 29.Kf3 g6 30.Nd5 Kg7 31.Rc6
Re5 32.Nxb6 Rf5+ 33.Kg3 Bxf2+ 34.Kh3 Bxb6 35.Rxb6 Rf4 36.Ra6 Rxa4 37.g3 Ra2 38.Rb6
g5 39.Rb5 Kg6 40.g4 Ra3+ 0-1

[Event "1. Bundesliga 2015/2016"]
[Site "Mattersburg"]
[Date "2015.11.07"]
[Round "3"]
[Board "5"]
[White "Rotstein, Arkadij"]
[Black "Lentrodt, Thomas"]
[Result "1-0"]
[WhiteElo "2513"]
[BlackElo "2263"]
[PlyCount "82"]
[EventDate "2015.11.05"]
[EventType "team"]
[EventRounds "11"]
[EventCountry "AUT"]
[WhiteTeam "Schachklub Absam"]
[BlackTeam "Spk. Grieskirchen/Bad Schallerbach"]

1.Nf3 d5 2.g3 c6 3.Bg2 Nf6 4.O-O Bf5 5.d3 h6 6.Nbd2 e6 7.c4 Be7 8.cxd5 cxd5 9.Qb3
Qb6 10.Qxb6 axb6 11.Nb3 Nbd7 12.Bf4 O-O 13.Rfc1 Rfc8 14.a3 g5 15.Bd2 e5 16.h4 g4 17.Ne1
Kh7 18.Bc3 Bd6 19.Nd2 Be6 20.Nc2 Rc7 21.d4 Rac8 22.Rd1 e4 23.Ne3 Nf8 24.Bb4 Ne8 25.Nb1
Bxb4 26.axb4 Ng6 27.Nc3 Ne7 28.Ncxd5 Bxd5 29.Nxd5 Nxd5 30.Bxe4+ Kg7 31.Bxd5 Rc2 32.Bxb7
R8c7 33.Ba6 Rxb2 34.Rab1 Rxb1 35.Rxb1 f5 36.Bd3 Kf6 37.Ra1 Nd6 38.Ra6 Rb7 39.Ra8 Rd7
40.Rb8 Rb7 41.Rd8 Nf7 1-0

[Event "1. Bundesliga 2015/2016"]
[Site "Mattersburg"]
[Date "2015.11.07"]
[Round "3"]
[Board "6"]
[White "Schwabeneder, Alois"]
[Black "Deglmann, Ludwig"]
[Result "0-1"]
[WhiteElo "1995"]
[BlackElo "2320"]
[PlyCount "56"]
[EventDate "2015.11.05"]
[EventType "team"]
[EventRounds "11"]
[EventCountry "AUT"]
[WhiteTeam "Spk. Grieskirchen/Bad Schallerbach"]
[BlackTeam "Schachklub Absam"]

1.Nf3 c5 2.b3 d6 3.e3 e5 4.d4 cxd4 5.exd4 e4 6.Bb5+ Bd7 7.Bxd7+ Qxd7 8.Qe2 f5 9.Bb2
Be7 10.Nfd2 Nf6 11.O-O O-O 12.c4 d5 13.Na3 Nc6 14.Nc2 Rae8 15.a3 Bd8 16.Rae1 Bc7 17.cxd5
Nxd5 18.g3 f4 19.Qh5 Nf6 20.Qh4 Ne7 21.f3 Ng6 22.Qg5 fxg3 23.hxg3 exf3 24.Rxe8 Rxe8
25.Rxf3 Re2 26.Kf1 Rh2 27.Rf5 Rxd2 28.Rxf6 Rxc2 0-1

[Event "1. Bundesliga 2015/2016"]
[Site "Mattersburg"]
[Date "2015.11.07"]
[Round "3"]
[Board "1"]
[White "Schmidt, Peter"]
[Black "Diermair, Andreas"]
[Result "1/2-1/2"]
[WhiteElo "2386"]
[BlackElo "2478"]
[PlyCount "65"]
[EventDate "2015.11.05"]
[EventType "team"]
[EventRounds "11"]
[EventCountry "AUT"]
[WhiteTeam "Spg Sauwald"]
[BlackTeam "SV Raika Rapid Feffernitz"]

1.d4 Nf6 2.Bg5 d5 3.Bxf6 exf6 4.e3 Bd6 5.g3 O-O 6.Bg2 c6 7.Ne2 Nd7 8.O-O f5 9.b3 Nf6
10.c4 Be6 11.Qd3 Qa5 12.c5 Bb8 13.Nbc3 Qd8 14.b4 Bc7 15.b5 Bc8 16.a4 Re8 17.Na2 h5
18.Nb4 Qd7 19.Rfc1 h4 20.a5 hxg3 21.hxg3 a6 22.bxc6 bxc6 23.Nc3 Rb8 24.Nxa6 Bxa6 25.Qxa6
Ra8 26.Qd3 Rxa5 27.Rxa5 Bxa5 28.Qa6 Qc7 29.Ne2 Rb8 30.Ra1 Bb4 31.Rb1 Nd7 32.Nf4 Ba5
33.Rxb8+ 1/2-1/2

[Event "1. Bundesliga 2015/2016"]
[Site "Mattersburg"]
[Date "2015.11.07"]
[Round "3"]
[Board "2"]
[White "Schreiner, Peter"]
[Black "Testor, Sebastian"]
[Result "1/2-1/2"]
[WhiteElo "2461"]
[BlackElo "2330"]
[PlyCount "85"]
[EventDate "2015.11.05"]
[EventType "team"]
[EventRounds "11"]
[EventCountry "AUT"]
[WhiteTeam "SV Raika Rapid Feffernitz"]
[BlackTeam "Spg Sauwald"]

1.d4 e6 2.c4 Nf6 3.Nf3 b6 4.g3 Ba6 5.b3 Bb7 6.Bg2 Bb4+ 7.Bd2 c5 8.Bxb4 cxb4 9.a3 Na6
10.O-O O-O 11.Ne5 Bxg2 12.Kxg2 d5 13.e3 Qe7 14.Qe2 Qb7 15.f3 Rac8 16.Rc1 Rfd8 17.Qe1
bxa3 18.Nxa3 Nb8 19.Qe2 Nc6 20.Nd3 Qb8 21.Qb2 a5 22.Nb5 Ne8 23.Nc3 Nc7 24.Na4 Na6
25.c5 bxc5 26.Naxc5 Qb5 27.Qd2 Nxc5 28.Nxc5 Nb4 29.f4 h6 30.Ra4 Rb8 31.Rca1 Nc6 32.R1a2
Qb6 33.Qe2 Qb5 34.Qxb5 Rxb5 35.Rc2 Nb4 36.Rc1 Rc8 37.Rca1 Nc2 38.Rxa5 Nxe3+ 39.Kf2
Rxa5 40.Rxa5 Nc2 41.g4 Nxd4 42.Ke3 Nc6 43.Rb5 1/2-1/2

[Event "1. Bundesliga 2015/2016"]
[Site "Mattersburg"]
[Date "2015.11.07"]
[Round "3"]
[Board "3"]
[White "Hiermann, Dietmar"]
[Black "Fauland, Alexander"]
[Result "1/2-1/2"]
[WhiteElo "2270"]
[BlackElo "2431"]
[PlyCount "90"]
[EventDate "2015.11.05"]
[EventType "team"]
[EventRounds "11"]
[EventCountry "AUT"]
[WhiteTeam "Spg Sauwald"]
[BlackTeam "SV Raika Rapid Feffernitz"]

1.e4 c5 2.Nc3 Nc6 3.Nf3 g6 4.Bb5 Bg7 5.Bxc6 bxc6 6.O-O e5 7.d3 d6 8.Re1 Ne7 9.Ne2
O-O 10.c3 f5 11.Ng3 Kh8 12.h3 f4 13.Nf1 Bd7 14.d4 cxd4 15.cxd4 exd4 16.Nxd4 d5 17.exd5
Nxd5 18.Nh2 Re8 19.Rxe8+ Qxe8 20.Nhf3 Rd8 21.Bd2 c5 22.Nb3 Bxb2 23.Rb1 Bg7 24.Rc1
Bf5 25.Rxc5 Nb4 26.Rc7 Rd7 27.Qc1 Nxa2 28.Rc8 Rd8 29.Rxd8 Qxd8 30.Qc4 Qg8 31.Qb5 Nc3
32.Qb4 Ne2+ 33.Kh2 h6 34.Na5 Qd5 35.Qb8+ Kh7 36.Qxa7 Be4 37.Bb4 Bxf3 38.Bf8 Qd4 39.Qxg7+
Qxg7 40.Bxg7 Bd5 41.Be5 Kg8 42.h4 h5 43.f3 Kf7 44.Bb8 Ke6 45.Bc7 Kf5 1/2-1/2

[Event "1. Bundesliga 2015/2016"]
[Site "Mattersburg"]
[Date "2015.11.07"]
[Round "3"]
[Board "4"]
[White "Petschar, Kurt"]
[Black "Hellmayr, Alois"]
[Result "0-1"]
[WhiteElo "2274"]
[BlackElo "2248"]
[PlyCount "88"]
[EventDate "2015.11.05"]
[EventType "team"]
[EventRounds "11"]
[EventCountry "AUT"]
[WhiteTeam "SV Raika Rapid Feffernitz"]
[BlackTeam "Spg Sauwald"]

1.Nf3 c5 2.c4 Nc6 3.Nc3 e5 4.e3 Nf6 5.d4 e4 6.Nd2 cxd4 7.exd4 Bb4 8.a3 Bxc3 9.bxc3
d6 10.Be2 O-O 11.O-O Re8 12.Re1 Bf5 13.Nf1 Rc8 14.Bg5 Na5 15.Ne3 Be6 16.Rb1 b6 17.Rb4
Rc7 18.Qc2 Nc6 19.Rbb1 Na5 20.Bxf6 Qxf6 21.Qxe4 Rec8 22.c5 dxc5 23.d5 Bd7 24.d6 Bc6
25.Nd5 Qxd6 26.c4 Re8 27.Qd3 Bxd5 28.cxd5 Rce7 29.g3 g6 30.Kf1 c4 31.Qd4 Re4 32.Qd2
Nb3 33.Qc3 Qxd5 34.Red1 Rd4 35.Bf3 Qc5 36.Rxd4 Nxd4 37.Bg2 b5 38.h4 h5 39.Rd1 Rd8
40.Re1 Nf5 41.Be4 Qd4 42.Qf3 Nh6 43.Bc6 Ng4 44.Bxb5 Nh2+ 0-1

[Event "1. Bundesliga 2015/2016"]
[Site "Mattersburg"]
[Date "2015.11.07"]
[Round "3"]
[Board "5"]
[White "Renner, Christoph"]
[Black "Kavcic, Zan"]
[Result "0-1"]
[WhiteElo "2326"]
[BlackElo "2319"]
[PlyCount "58"]
[EventDate "2015.11.05"]
[EventType "team"]
[EventRounds "11"]
[EventCountry "AUT"]
[WhiteTeam "Spg Sauwald"]
[BlackTeam "SV Raika Rapid Feffernitz"]

1.Nf3 Nf6 2.d4 c5 3.d5 b5 4.Bg5 Ne4 5.Bh4 Bb7 6.Qd3 f5 7.Nbd2 Qa5 8.c3 c4 9.Qd4 Nxd2
10.Nxd2 Qb6 11.Qe5 e6 12.e4 Qd6 13.Qxd6 Bxd6 14.dxe6 fxe4 15.b3 Be5 16.exd7+ Nxd7
17.Rc1 cxb3 18.Bxb5 bxa2 19.O-O Bf6 20.Bg3 Ke7 21.Nc4 Bd5 22.Rfd1 Nb6 23.Ne3 Be6 24.Bd6+
Kf7 25.c4 a6 26.Bc6 Rac8 27.Bb7 Nxc4 28.Nd5 Nxd6 29.Bxc8 Rxc8 0-1

[Event "1. Bundesliga 2015/2016"]
[Site "Mattersburg"]
[Date "2015.11.07"]
[Round "3"]
[Board "6"]
[White "Hofer, Christian"]
[Black "Taggatz, Mario"]
[Result "0-1"]
[WhiteElo "1968"]
[BlackElo "2209"]
[PlyCount "84"]
[EventDate "2015.11.05"]
[EventType "team"]
[EventRounds "11"]
[EventCountry "AUT"]
[WhiteTeam "SV Raika Rapid Feffernitz"]
[BlackTeam "Spg Sauwald"]

1.d4 d5 2.Nf3 Bf5 3.g3 e6 4.Bg2 Nf6 5.Nbd2 h6 6.O-O Be7 7.c4 c6 8.Re1 O-O 9.Ne5 Nbd7
10.Ndf3 Nxe5 11.Nxe5 Nd7 12.Nxd7 Qxd7 13.b3 a5 14.a4 Rfd8 15.e3 b6 16.Ba3 Bxa3 17.Rxa3
Rac8 18.Ra2 Qe7 19.Qd2 dxc4 20.bxc4 c5 21.d5 exd5 22.Bxd5 Be4 23.Qb2 Rxd5 24.cxd5
Bxd5 25.e4 Bxa2 26.Qxa2 c4 27.Qc2 Qb4 28.Rb1 Qc5 29.Rb5 Qd4 30.Rd5 Qa1+ 31.Rd1 Qf6
32.f4 c3 33.e5 Qc6 34.Rd6 Qc5+ 35.Kf1 b5 36.axb5 Qxb5+ 37.Ke1 Qc5 38.Kf1 a4 39.Rd1
Qc4+ 40.Ke1 Qc6 41.Kf2 Qb6+ 42.Kf3 Qb3 0-1

[Event "1. Bundesliga 2015/2016"]
[Site "Mattersburg"]
[Date "2015.11.07"]
[Round "3"]
[Board "1"]
[White "Ragger, Markus"]
[Black "Volokitin, Andrei"]
[Result "1-0"]
[WhiteElo "2697"]
[BlackElo "2642"]
[PlyCount "81"]
[EventDate "2015.11.05"]
[EventType "team"]
[EventRounds "11"]
[EventCountry "AUT"]
[WhiteTeam "SC MPOE Maria Saal"]
[BlackTeam "Schachklub Sparkasse Jenbach"]

1.d4 Nf6 2.c4 g6 3.Nc3 d5 4.cxd5 Nxd5 5.e4 Nxc3 6.bxc3 Bg7 7.Nf3 c5 8.Be3 Qa5 9.Qd2
Nc6 10.Rb1 a6 11.Rc1 cxd4 12.cxd4 Qxd2+ 13.Kxd2 e6 14.h4 h6 15.d5 exd5 16.exd5 Ne7
17.Bc4 Bg4 18.Rhe1 Bxf3 19.Bc5 O-O 20.Bxe7 Bxg2 21.Re3 Rfc8 22.d6 Bc6 23.Rg1 Bd7 24.Bb3
Bf5 25.Rf3 Kh8 26.Rxf5 gxf5 27.Bxf7 Rd8 28.Ke3 Be5 29.f4 Bg7 30.Rc1 Bf8 31.Bf6+ Bg7
32.Be5 Rac8 33.Rg1 Bxe5 34.fxe5 Rc3+ 35.Kf4 Rc5 36.Rg6 Kh7 37.Kxf5 Rf8 38.Ke6 Rxe5+
39.Kxe5 Rxf7 40.h5 b5 41.Ke6 1-0

[Event "1. Bundesliga 2015/2016"]
[Site "Mattersburg"]
[Date "2015.11.07"]
[Round "3"]
[Board "2"]
[White "Bauer, Christian"]
[Black "Rapport, Richard"]
[Result "0-1"]
[WhiteElo "2631"]
[BlackElo "2717"]
[PlyCount "80"]
[EventDate "2015.11.05"]
[EventType "team"]
[EventRounds "11"]
[EventCountry "AUT"]
[WhiteTeam "Schachklub Sparkasse Jenbach"]
[BlackTeam "SC MPOE Maria Saal"]

1.e4 c5 2.Nf3 e6 3.d4 cxd4 4.Nxd4 a6 5.Nc3 b5 6.Bd3 Qb6 7.Nf3 Qc7 8.O-O Bb7 9.Bd2
Nc6 10.a4 b4 11.Ne2 Nf6 12.c3 bxc3 13.Bxc3 Nb4 14.Ng3 h5 15.Re1 Bc5 16.Qd2 Nxd3 17.Qxd3
h4 18.Nf1 h3 19.g3 Qb6 20.Bd4 Bxd4 21.Nxd4 O-O 22.Nd2 Rac8 23.a5 Qc5 24.N4b3 Qh5 25.f3
e5 26.Rac1 d5 27.Nc5 dxe4 28.Ndxe4 Rfd8 29.Qe3 Bxe4 30.Nxe4 Nxe4 31.Rxc8 Rxc8 32.Qxe4
Qg5 33.Qxe5 Qd2 34.Qe2 Qxa5 35.Rd1 g6 36.Qd2 Qb6+ 37.Kf1 Qb3 38.Qe2 Rc2 39.Qe4 Qxb2
40.Rd8+ Kg7 0-1